Score 0/50 Timer 11:00
0 Plays Today
Club Player % Correct
Juventus & Real MadridCristiano Ronaldo
99.7%
BarcelonaLionel Messi
99.3%
NantesEmiliano Sala
98.2%
TottenhamHarry Kane
96.8%
BarcelonaLuis Suarez
96.4%
LiverpoolMohamed Salah
96%
PSGNeymar
92.9%
PSGEdinson Cavani
90.3%
Bayern MunichRobert Lewandowski
90%
PSGKylian Mbappe
89.8%
Manchester CitySergio Aguero
89.3%
Leicester Jamie Vardy
85.1%
ArsenalPierre-Emerick Aubameyang
85%
LiverpoolSadio Mane
84.4%
Real MadridGareth Bale
83.9%
ChelseaEden Hazard
83%
Inter MilanMauro Icardi
81.7%
Atletico MadridAntoine Griezmann
81.3%
ArsenalAlexandre Lacazette
80.6%
Manchester UnitedRomelu Lukaku
79%
Manchester CityRaheem Sterling
77.7%
LazioCiro Immobile
70.9%
Borussia DortmundMarco Reus
69.7%
Celta VigoIago Aspas
68.6%
AC Milan & JuventusGonzalo Higuain
68%
Club Player % Correct
BournemouthCallum Wilson
67.7%
NapoliDries Mertens
67.1%
BrightonGlenn Murray
67%
RB LeipzigTimo Werner
61.7%
LyonMemphis Depay
61.1%
StuttgartMario Gomez
58.4%
PSGAngel Di Maria
58.3%
BarcelonaPhilippe Coutinho
56.5%
Borussia Dortmund & BarcelonaPaco Alcacer
50.9%
MarseilleFlorian Thauvin
50.1%
Borussia MonchengladbachThorgan Hazard
46.8%
SevillaWissam Ben Yedder
41.8%
TottenhamSon Heung-Min
35%
Borussia Monchengladbach & NiceAlassane Plea
34.6%
GironaCristhian Stuani
33.7%
HoffenheimAndrej Kramaric
31.6%
Eintracht FrankfurtLuka Jovic
30.4%
LyonBertrand Traore
27.8%
LilleNicolas Pepe
27.7%
Celta VigoMaximiliano Gomez
23%
VillarrealCarlos Bacca
22.1%
SampdoriaFabio Quagliarella
20.8%
GenoaKrzysztof Piatek
15.6%
MonacoRony Lopes
10.6%
BordeauxFrancois Kamano
4.8%
Remove Ads.
Support Sporcle.
Get the best of Sporcle when you Go Orange. This ad-free experience offers more features, more stats, and more fun while also helping to support Sporcle. Thank you for becoming a member.

You're not logged in!

Compare scores with friends on all Sporcle quizzes.
OR
Log In

Show Comments

Extras

Top Quizzes Today


Score Distribution

Your Account Isn't Verified!

In order to create a playlist on Sporcle, you need to verify the email address you used during registration. Go to your Sporcle Settings to finish the process.

Report this User

Report this user for behavior that violates our Community Guidelines.

Details: